Integrácia Microsoft Visual Studio so Sparx systems Entreprise Architect

MDG integrácia do Microsoft Visual Studia. Položka kontextového menu Team Foundation Server. Položka Team Foundation Server a existencia dvoch problémov, z ktorých prvý existuje cez viaceré verzie a druhý súvisí s novou verziou Visual Studia a TFS, ktorou je verzia 2010. Obidva problémy sa týkajú im...

ver descrição completa

Na minha lista:
Detalhes bibliográficos
Autor principal: Blahušiak, Martin
Formato: Capítulo de Livro
Idioma:eslovaco
Assuntos:
Tags: Adicionar Tag
Sem tags, seja o primeiro a adicionar uma tag!

MARC

LEADER 00000nla$a2200000$$$4500
001 0145604
005 20240502072626.6
041 0 |a slo 
044 |a SK 
245 1 0 |a Integrácia Microsoft Visual Studio so Sparx systems Entreprise Architect  |c Martin Blahušiak 
520 |a MDG integrácia do Microsoft Visual Studia. Položka kontextového menu Team Foundation Server. Položka Team Foundation Server a existencia dvoch problémov, z ktorých prvý existuje cez viaceré verzie a druhý súvisí s novou verziou Visual Studia a TFS, ktorou je verzia 2010. Obidva problémy sa týkajú importu a synchronizácie pracovných úloh do Enterprise Architect projektu. 
610 2 0 |a technológie informačné 
610 2 0 |a technológie komunikačné 
610 2 0 |a informatika 
610 2 0 |a počítače 
100 1 |a Blahušiak, Martin